The Hardy boyz / (Record no. 7401)

MARC details
000 -LEADER
fixed length control field 02093nam a22002537a 4500
001 - CONTROL NUMBER
control field 7401
003 - CONTROL NUMBER IDENTIFIER
control field FISKH
005 - DATE AND TIME OF LATEST TRANSACTION
control field 20250711162017.0
008 - FIXED-LENGTH DATA ELEMENTS--GENERAL INFORMATION
fixed length control field 250711b cb ||||| |||| 00| 0 eng d
020 ## - INTERNATIONAL STANDARD BOOK NUMBER
International Standard Book Number 9780007162543
040 ## - CATALOGING SOURCE
Original cataloging agency FISKH
Language of cataloging eng
Transcribing agency FISKH
Modifying agency FISKH
050 ## - LIBRARY OF CONGRESS CALL NUMBER
Classification number GV1196.A1 H32
082 ## - DEWEY DECIMAL CLASSIFICATION NUMBER
Classification number 796.812
100 ## - MAIN ENTRY--PERSONAL NAME
Personal name Hardy, Matt
245 ## - TITLE STATEMENT
Title The Hardy boyz /
Statement of responsibility, etc. By Matt & Jeff Hardy with Michael Krugman
250 ## - EDITION STATEMENT
Edition statement This paperback edition first published in 2004
260 ## - PUBLICATION, DISTRIBUTION, ETC.
Place of publication, distribution, etc. New York :
Name of publisher, distributor, etc. Harper Collins Publisher ,
Date of publication, distribution, etc. 2003.
300 ## - PHYSICAL DESCRIPTION
Extent 269 pages :
Other physical details illustrations ;
Dimensions 18 cm .
520 ## - SUMMARY, ETC.
Summary, etc. Matt and Jeff Hardy have proven that a relentless drive for success can make your wildest dreams come true. While still in high school, Matt and Jeff decided to become professional wrestlers at any cost. In a business that usually prizes giants, they were told their aspirations were unreasonable and impossible. But after the tragic loss of their mother, they began to pursue their goals with unstoppable determination. The Hardy Boyz: Exist 2 Inspire tells the story of Matt and Jeff Hardy's journey to WWE superstardom. Whether taking beatings from Razor Ramon and Nikolai Volkoff during their first WWE matches or winning the WWE Tag Team Championships against the Acolytes, the Hardy Boyz have experienced all the pains and pleasures that sports-entertainment has to offer. Their fast-moving, high-flying ring style has raised the bar for anyone who aims to follow in their footsteps. From receiving a standing ovation for their 1999 No Mercy ladder match against Edge and Christian to winning singles championships, Matt and Jeff have succeeded both as a team and as individuals. Still in their mid-twenties, the Hardyz have long careers ahead of them. The Hardy Boyz is the inspirational true story of two small-town North Carolina boys who clawed their way to the top of the magical world of professional wrestling and achieved their childhood dreams.
650 ## - SUBJECT ADDED ENTRY--TOPICAL TERM
Topical term or geographic name entry element Autobiography
Form subdivision Fiction
700 ## - ADDED ENTRY--PERSONAL NAME
Personal name Krugman, Michael
Relator term Illustrator
942 ## - ADDED ENTRY ELEMENTS (KOHA)
Source of classification or shelving scheme Dewey Decimal Classification
Koha item type Books
Suppress in OPAC No
Holdings
Withdrawn status Lost status Source of classification or shelving scheme Damaged status Not for loan Collection Home library Current library Shelving location Date acquired Total Checkouts Full call number Barcode Date last seen Price effective from Koha item type
    Dewey Decimal Classification     Fiction Footprints International School Library Network Toul Tom Poung Campus Footprints International School Library Network Toul Tom Poung Campus TTP Secondary Fiction Bookshelves 07/11/2025   MAT 796.812 GV1196.A1 H32 2025-1837 07/11/2025 07/11/2025 Books